000 00717nam a2200217Ia 4500
005 20260406081126.0
008 260406s9999 xx 000 0 und d
022 _a2095-6215
041 _aeng
245 0 _aJournal of Highway and Transportation Research and Development
264 1 _aChina:
_bTsinghua University Press,
_c2024.
336 _2rdacontent
_atext
_btxt
337 _2rdamedia
_acomputer
_bc
338 _2rdacarrier
_aonline resource
_bcr
540 _fCC BY
653 _aTransportation engineering
710 2 _aThe Directory of Open Access Journals
856 _uhttps://doaj.org/toc/50cadb2ce7d44071a6556c545ca57fe8
856 _uhttps://www.sciopen.com/journal/2095-6215
942 _cE-JOURNAL
999 _c99371
_d99368